Anatomy and physiology for physical education and sports science (Record no. 359383)

MARC details
000 -LEADER
fixed length control field 00537 a2200193 4500
005 - DATE & TIME
control field 20250417124816.0
008 - FIXED-LENGTH DATA ELEMENTS--GENERAL INFORMATION
fixed length control field 241205b |||||||| |||| 00| 0 eng d
020 ## - ISBN
International Standard Book Number 9789392790522
Price Rs. 1395.00
040 ## - CATALOGING SOURCE
Original cataloging agency VIVEKANANDA LIBRARY
082 ## - DDC NUMBER
Classification number 612.002479607
Book Number G15A
100 ## - MAIN ENTRY--PERSONAL NAME
Personal name Gnanavel, N S
245 ## - TITLE STATEMENT
Title Anatomy and physiology for physical education and sports science
260 ## - PUBLICATION, DISTRIBUTION, ETC. (IMPRINT)
Date of publication, distribution, etc 2023
Place of publication, distribution, etc New Delhi
Name of publisher, distributor, etc Sports Educational Technologies
300 ## - PHYSICAL DESCRIPTION
Pages 247
650 ## - Subject
Subject Anatomy
650 ## - Subject
Subject Physiology
650 ## - Subject
Subject Sports Science
942 ## - ADDED ENTRY ELEMENTS (KOHA)
Koha item type Books
Holdings
Withdrawn status Lost status Source of classification or shelving scheme Damaged status Not for loan Location (home branch) Sublocation or collection (holding branch) Shelving location Date acquired Koha issues (times borrowed) Koha full call number Accession No. Koha date last seen Koha item type
    Dewey Decimal Classification     VIVEKANANDA LIBRARY VIVEKANANDA LIBRARY Vivekananda Library 09/01/2025   612.002479607 G15A 436413 09/01/2025 Books
© Designed and Maintained by Vivekananda Library, MDU Rohtak